Name All Psychedelic Prn Crumpets Songs - Statistics

General Stats
  • This quiz has been taken 7 times
  • The average score is 30 of 80
Answer Stats
% Correct
November
100%
Cornflake
86%
Denmark / Van Gogh & Gone
86%
Found God in a Tomato
86%
It's Not Safe to Leave This House
86%
Surf's Up
86%
Dependant on Mary
71%
High Visceral
71%
March on for Pax Romana
71%
Pi
71%
Salsa Verde
71%
Weird World Awoke
71%
Another Reincarnation
57%
Bill's Mandolin
57%
Buzz
57%
Coffee
57%
(I'm a Kadaver) Alakazam
57%
Marmalade March
57%
Mr & Mrs Misanthrope
57%
Nek
57%
When in Rome
57%
All Aboard the S.S. Sinker
43%
Born In the A.D's
43%
Concrete & Cola
43%
Cubensis Lenses
43%
Digital Hunger
43%
Entropy
43%
Entropy II
43%
Ergophobia
43%
Hot! Heat! Wow! Hot!
43%
Hymn for a Droid
43%
Incubator (V2000)
43%
Japan
43%
Manny's Ready to Roll
43%
Move
43%
My Friend's a Liquid
43%
Out the Universe Pours
43%
Scapegoat
43%
Tally - Ho
43%
Watermelon
43%
As the Hummingbird Hovers
29%
Glitter Bug
29%
Gurzle
29%
Keen for Kick Ons?
29%
Looniversal
29%
More Glitter
29%
Mundungus
29%
Nootmare (K.I.L.L.I.n.G) [Meow!]
29%
Pillhouse (Papa Moonshine)
29%
Qwik Maff
29%
Sawtooth Monkfish
29%
Texas Rangers
29%
Winter in Parachutes
29%
..And the Addled Abstraction of Being
14%
Big Dijon
14%
Bowling with TIm
14%
Cpt. Gravity Mouse Welcome
14%
Dilemma Us from Evil
14%
Fields, Woods, Time
14%
First Light in the Garden at Chipping
14%
Gallop to Southport
14%
Hats off to the Green Bins
14%
Heading to Fringe
14%
Illusions of Grandeur
14%
Little Moon
14%
Made Machine
14%
Mr. Prism
14%
Native Tongue
14%
Pukebox
14%
Round the Corner
14%
Sierra Nevada
14%
Social Candy
14%
Terraqueous
14%
The Real Contra Band
14%
The Tale of Gurney Gridman
14%
The Terrors
14%
The Thinker
14%
Tripolasaur
14%
Unconventional Daze
14%
Dezi's Advenrture
0%
No matching quizzes found
Score Distribution
Percent of People with Each Score
Percentile by Number Answered
Your Score History
You have not taken this quiz